[Event "MCR_CF283"]
[Site "?"]
[Date "2004.??.??"]
[Round "?"]
[White "Bernard, Roman"]
[Black "Cerveny, Libor"]
[Result "1-0"]
[WhiteElo "2000"]
[BlackElo "2094"]
[PlyCount "85"]
[EventDate "2004.??.??"]
[EventType "corr"]
[EventRounds "2"]
[SourceDate "2005.03.12"]

1. e4 e6 2. d4 d5 3. Nd2 c5 4. dxc5 Bxc5 5. Nb3 Bb6 6. exd5 Qxd5 7. Qxd5 exd5
8. a4 Nf6 9. Bb5+ Bd7 10. Bxd7+ Nbxd7 11. a5 Bc7 12. Be3 O-O 13. Ne2 Rfe8 14.
O-O-O Ng4 15. Nc3 Nxe3 16. fxe3 Nf6 17. Nxd5 Nxd5 18. Rxd5 Rxe3 19. Rd7 Bf4 20.
Kb1 Re2 21. g3 Be3 22. Rhd1 Kf8 23. Rxb7 Rxh2 24. Nd4 a6 25. Nf5 Bd2 26. Nd6
Bxa5 27. Rf1 f6 28. b4 Bxb4 29. Rxb4 Rg2 30. Rf3 a5 31. Rb7 a4 32. c4 a3 33.
Rf1 a2+ 34. Ka1 Rxg3 35. c5 Rc3 36. Rg1 g5 37. Ne4 Rf3 38. c6 Rc8 39. Rc1 Ra3
40. Rxh7 Raa8 41. c7 f5 42. Nxg5 Kg8 43. Rc6 1-0

[Event "MCR_CF283"]
[Site "?"]
[Date "2004.??.??"]
[Round "?"]
[White "Bernard, Roman"]
[Black "Chvojka, Jaroslav"]
[Result "1/2-1/2"]
[WhiteElo "2000"]
[BlackElo "2131"]
[PlyCount "104"]
[EventDate "2004.??.??"]
[EventType "corr"]
[EventRounds "2"]
[SourceDate "2005.03.12"]

1. e4 c6 2. d4 d5 3. Nd2 dxe4 4. Nxe4 Bf5 5. Ng3 Bg6 6. h4 h6 7. Nf3 e6 8. Ne5
Bh7 9. Qh5 Qc7 10. c3 Nf6 11. Qf3 Nbd7 12. Bf4 Bd6 13. Nxd7 Nxd7 14. Bxd6 Qxd6
15. Be2 O-O 16. Nh5 Rfe8 17. O-O-O Rad8 18. Rhe1 a5 19. Qf4 e5 20. Qg3 Qg6 21.
Qxg6 Bxg6 22. dxe5 Nxe5 23. Rxd8 Rxd8 24. Nf4 Bf5 25. Bd1 Re8 26. Bc2 Bc8 27.
h5 Kf8 28. b3 Ng4 29. Rxe8+ Kxe8 30. f3 Ne5 31. Kd2 Ke7 32. Ne2 Kd6 33. Ng3 Be6
34. Ne4+ Ke7 35. Ke3 b6 36. Kf4 Nd7 37. g4 g5+ 38. hxg6 fxg6 39. g5 h5 40. Nd2
Kf7 41. Kg3 Nc5 42. f4 Kg7 43. Kh4 Nb7 44. Nf3 Nd6 45. Ne5 Bf5 46. Bxf5 Nxf5+
47. Kh3 Ne7 48. c4 b5 49. a3 a4 50. bxa4 bxa4 51. c5 Kh7 52. Kg2 Nd5 1/2-1/2

[Event "MCR_CF283"]
[Site "?"]
[Date "2004.??.??"]
[Round "?"]
[White "Bernard, Roman"]
[Black "Houdek, Vladimir"]
[Result "1/2-1/2"]
[WhiteElo "2000"]
[BlackElo "2184"]
[PlyCount "114"]
[EventDate "2004.??.??"]
[EventType "corr"]
[EventRounds "2"]
[SourceDate "2005.03.12"]

1. e4 c5 2. Nf3 e6 3. Nc3 a6 4. d4 cxd4 5. Nxd4 b5 6. a3 Bb7 7. Bd3 Qc7 8. f4
Bc5 9. Nb3 Ba7 10. Qg4 g6 11. Qe2 Nf6 12. e5 Nd5 13. Ne4 O-O 14. h4 f5 15. Nd6
Nc6 16. h5 Nd4 17. Nxd4 Bxd4 18. hxg6 hxg6 19. c4 bxc4 20. Bxc4 Kg7 21. Qd3 Ba7
22. Bd2 Rh8 23. Rf1 Qb6 24. Nxb7 Qxb7 25. b4 Bb6 26. O-O-O a5 27. b5 Rac8 28.
Kb1 Rc5 29. Rh1 Qa8 30. Rxh8 Qxh8 31. a4 Qh2 32. g3 Qg2 33. Bc1 Qe4 34. Qxe4
fxe4 35. Bxd5 Rxd5 36. Re1 Rd4 37. Be3 Rb4+ 38. Kc2 Bxe3 39. Rxe3 Rxa4 40. b6
Rc4+ 41. Rc3 Rb4 42. Rb3 Rc4+ 43. Kb2 e3 44. Rxe3 a4 45. Rd3 Rb4+ 46. Ka3 Rxb6
47. Rxd7+ Kh6 48. Kxa4 Rb1 49. Rd6 Rg1 50. Rxe6 Kg7 51. Rf6 Rxg3 52. Kb4 Re3
53. Kc5 g5 54. Kd6 gxf4 55. Rxf4 Ra3 56. e6 Ra6+ 57. Kd7 Ra7+ 1/2-1/2

[Event "MCR_CF283"]
[Site "?"]
[Date "2004.??.??"]
[Round "?"]
[White "Bernard, Roman"]
[Black "Jarabinsky, Martin"]
[Result "1-0"]
[WhiteElo "2000"]
[BlackElo "2127"]
[PlyCount "112"]
[EventDate "2004.??.??"]
[EventType "corr"]
[EventRounds "2"]
[SourceDate "2005.03.12"]

1. e4 c5 2. Nf3 e6 3. d4 cxd4 4. Nxd4 Nc6 5. Nc3 d6 6. Be3 Nf6 7. Bb5 Bd7 8.
O-O Be7 9. f4 O-O 10. Be2 a6 11. Qd2 d5 12. e5 Ne4 13. Nxe4 dxe4 14. Nb3 Nb4
15. Nc5 Bb5 16. Qxb4 Bxe2 17. Rf2 Bb5 18. Qxe4 Bc6 19. Qd3 Qxd3 20. Nxd3 Rfc8
21. Rd2 Bd5 22. c3 a5 23. a4 h5 24. Ne1 Rc4 25. Bd4 Rc6 26. Nc2 Kf8 27. Be3 Rc4
28. Nd4 Rd8 29. g3 g6 30. Kf2 Ke8 31. Nb5 Rc6 32. Rad1 h4 33. g4 f6 34. exf6
Bxf6 35. Bd4 Be7 36. Be5 Bc5+ 37. Ke1 Rdc8 38. Rd3 Bb3 39. Ra1 Rb6 40. Rh3 Be7
41. Bd4 Ra6 42. g5 Rc4 43. Rxh4 Rac6 44. Rh8+ Kf7 45. Rb8 Rxa4 46. Rxa4 Bxa4
47. Rxb7 Bxb5 48. Rxb5 Bd6 49. Be5 Bxe5 50. fxe5 Rc4 51. Rxa5 Rg4 52. b4 Rxg5
53. Kf2 Rh5 54. Kg3 Ke8 55. h3 Rf5 56. Rc5 Rf1 1-0

[Event "MCR_CF283"]
[Site "?"]
[Date "2004.??.??"]
[Round "?"]
[White "Bernard, Roman"]
[Black "Mazal, Petr"]
[Result "1-0"]
[WhiteElo "2000"]
[BlackElo "2165"]
[PlyCount "53"]
[EventDate "2004.??.??"]
[EventType "corr"]
[EventRounds "2"]
[SourceDate "2005.03.12"]

1. e4 e5 2. Nf3 Nc6 3. Bb5 d6 4. d4 Bg4 5. d5 a6 6. Be2 Bxf3 7. Bxf3 Nd4 8. Bg4
c6 9. c3 Nb5 10. O-O Be7 11. Bf5 Nf6 12. Qd3 cxd5 13. exd5 Qa5 14. a4 Nc7 15.
c4 g6 16. Bd2 Qc5 17. Be3 Qb4 18. Bh3 Nd7 19. Bxd7+ Kxd7 20. a5 Qxb2 21. Nc3
Qb3 22. Rfb1 e4 23. Qd4 Qc2 24. Na4 Rhb8 25. Nb6+ Kd8 26. Qh8+ Ne8 27. Nxa8 1-0

[Event "MCR_CF283"]
[Site "?"]
[Date "2004.??.??"]
[Round "?"]
[White "Bernard, Roman"]
[Black "Pecina, Pavel"]
[Result "1/2-1/2"]
[WhiteElo "2000"]
[BlackElo "2204"]
[PlyCount "78"]
[EventDate "2004.??.??"]
[EventType "corr"]
[EventRounds "2"]
[SourceDate "2005.03.12"]

1. e4 c5 2. Nf3 a6 3. Nc3 e6 4. d4 cxd4 5. Nxd4 Qc7 6. Bd3 Nc6 7. Nb3 Nf6 8.
O-O Be7 9. Qe2 O-O 10. f4 d5 11. e5 Ne8 12. Be3 f6 13. exf6 Nxf6 14. Rae1 b5
15. Nd4 Bd7 16. Nxc6 Qxc6 17. Nd1 b4 18. c3 a5 19. Bd4 Bc5 20. Nf2 bxc3 21.
bxc3 Rab8 22. Be5 Rb6 23. Kh1 Bc8 24. Rc1 Bxf2 25. Qxf2 Ba6 26. Bxa6 Rxa6 27.
c4 Ne4 28. Qd4 Qb6 29. Rcd1 Qxd4 30. Rxd4 Rd8 31. Re1 Raa8 32. Kg1 Rac8 33. g4
Kf7 34. h3 g6 35. Kg2 Ke8 36. a3 Rc5 37. Re3 h5 38. cxd5 Rc2+ 39. Kf3 exd5
1/2-1/2

[Event "MCR_CF283"]
[Site "?"]
[Date "2004.??.??"]
[Round "?"]
[White "Cerveny, Libor"]
[Black "Bernard, Roman"]
[Result "0-1"]
[WhiteElo "2094"]
[BlackElo "2000"]
[PlyCount "88"]
[EventDate "2004.??.??"]
[EventType "corr"]
[EventRounds "2"]
[SourceDate "2005.03.12"]

1. e4 e5 2. Nf3 Nc6 3. Bc4 Bc5 4. d3 Nf6 5. Nc3 d6 6. Bg5 Na5 7. a3 Nxc4 8.
dxc4 Bb6 9. Nd5 Bxf2+ 10. Kxf2 Nxe4+ 11. Kf1 Nxg5 12. Nxg5 c6 13. Qh5 g6 14.
Qh6 cxd5 15. cxd5 f6 16. Qg7 Rf8 17. Nf3 Qb6 18. Qxh7 Bf5 19. Rd1 Bxc2 20. Rd2
Be4 21. Ke2 O-O-O 22. Rc1+ Kb8 23. Rc4 f5 24. Rb4 Qa6+ 25. Kf2 Rh8 26. Qe7 Rc8
27. Nxe5 dxe5 28. Qxe5+ Ka8 29. d6 Rhd8 30. d7 Rc1 31. Kg3 Qc6 32. Rbd4 Qb6 33.
h3 g5 34. Kh2 g4 35. h4 Qb3 36. Rxe4 fxe4 37. Qe8 Qb6 38. Kg3 Rf1 39. Rd5 Qf6
40. Qxe4 Qf2+ 41. Kxg4 Rg1 42. Kh5 Rxg2 43. Qe8 Qf3+ 44. Kh6 Qf6+ 0-1

[Event "MCR_CF283"]
[Site "?"]
[Date "2004.??.??"]
[Round "?"]
[White "Cerveny, Libor"]
[Black "Chvojka, Jaroslav"]
[Result "0-1"]
[WhiteElo "2094"]
[BlackElo "2131"]
[PlyCount "90"]
[EventDate "2004.??.??"]
[EventType "corr"]
[EventRounds "2"]
[SourceDate "2005.03.12"]

1. e4 c6 2. d4 d5 3. Nc3 dxe4 4. Nxe4 Bf5 5. Ng3 Bg6 6. Nf3 Nf6 7. h4 Nh5 8.
Ne2 e6 9. Ne5 Nd7 10. Nxg6 hxg6 11. g3 Qa5+ 12. c3 Be7 13. Be3 O-O-O 14. Bg2
Nb6 15. Qb3 g5 16. hxg5 Bxg5 17. f4 Be7 18. O-O-O Nf6 19. Bd2 Qa6 20. Ng1 Rxh1
21. Bxh1 c5 22. dxc5 Bxc5 23. Nh3 Qe2 24. Ng5 Rxd2 25. Rxd2 Be3 26. Qd1 Qh2 27.
Nf3 Qxg3 28. Kb1 Bxd2 29. Qxd2 Qh3 30. Qc1 Qf5+ 31. Ka1 Nfd5 32. Nd4 Qxf4 33.
Qxf4 Nxf4 34. Nb5 f5 35. Nxa7+ Kb8 36. Nb5 Nc8 37. Nd4 g5 38. Nf3 g4 39. Nh4
Ne7 40. Kb1 Neg6 41. Nf3 gxf3 42. Bxf3 e5 43. Kc2 e4 44. Bh1 e3 45. Kd1 Ne5 0-1

[Event "MCR_CF283"]
[Site "?"]
[Date "2004.??.??"]
[Round "?"]
[White "Cerveny, Libor"]
[Black "Houdek, Vladimir"]
[Result "0-1"]
[WhiteElo "2094"]
[BlackElo "2184"]
[PlyCount "96"]
[EventDate "2004.??.??"]
[EventType "corr"]
[EventRounds "2"]
[SourceDate "2005.03.12"]

1. e4 c5 2. Nf3 e6 3. d4 cxd4 4. Nxd4 a6 5. Bd3 Bc5 6. Nb3 Be7 7. O-O d6 8. c4
Nf6 9. Nc3 O-O 10. Be3 b6 11. f4 Bb7 12. Qe2 Nbd7 13. Nd2 Nc5 14. Bc2 a5 15. a3
Nfd7 16. b4 Na6 17. Rab1 axb4 18. axb4 d5 19. cxd5 Rc8 20. Bd4 Nxb4 21. Bb3 Bc5
22. Bxc5 Nxc5 23. Qf3 Ncd3 24. Bc4 Rxc4 25. Nxc4 Qc7 26. Na2 Qxc4 27. Nxb4 Nxb4
28. Qb3 Qd4+ 29. Kh1 Ba6 30. Rf3 Rc8 31. dxe6 fxe6 32. Qxe6+ Kh8 33. Qe5 Qxe5
34. fxe5 Bd3 35. Re1 h6 36. h3 Re8 37. Ree3 Bc4 38. Kg1 b5 39. Ra3 Nc6 40. Kf2
Nxe5 41. Rg3 b4 42. Ra7 Nf7 43. Re3 Rb8 44. Re1 b3 45. Rb1 Bd3 46. Rb2 Ne5 47.
Ra3 Bc2 48. Ke2 Nc4 0-1

[Event "MCR_CF283"]
[Site "?"]
[Date "2004.??.??"]
[Round "?"]
[White "Cerveny, Libor"]
[Black "Mazal, Petr"]
[Result "1-0"]
[WhiteElo "2094"]
[BlackElo "2165"]
[PlyCount "85"]
[EventDate "2004.??.??"]
[EventType "corr"]
[EventRounds "2"]
[SourceDate "2005.03.12"]

1. e4 d6 2. d4 Nf6 3. Nc3 g6 4. Nf3 Bg7 5. Be2 c6 6. O-O O-O 7. a4 Qc7 8. h3 d5
9. e5 Ne4 10. Nxe4 dxe4 11. Ng5 c5 12. c3 Nc6 13. Be3 cxd4 14. cxd4 Bf5 15. g4
Be6 16. Nxe6 fxe6 17. Qc2 Qb6 18. Qc3 Qd8 19. b4 Rc8 20. Bc4 Qc7 21. Rac1 Nd8
22. b5 b6 23. Qc2 Qb7 24. Qa2 Qd7 25. Bb3 Rb8 26. Qb1 Nb7 27. Qxe4 Na5 28. Ba2
Rbc8 29. Rxc8 Rxc8 30. Rc1 Rxc1+ 31. Bxc1 Qc7 32. Bd2 Kf8 33. Bxa5 bxa5 34. Qc6
Qxc6 35. bxc6 Ke8 36. Bxe6 Kd8 37. f4 Kc7 38. Bd7 Bh6 39. g5 Bg7 40. Kf2 h6 41.
h4 hxg5 42. hxg5 e6 43. Bxe6 1-0

[Event "MCR_CF283"]
[Site "?"]
[Date "2004.??.??"]
[Round "?"]
[White "Cerveny, Libor"]
[Black "Pecina, Pavel"]
[Result "0-1"]
[WhiteElo "2094"]
[BlackElo "2204"]
[PlyCount "58"]
[EventDate "2004.??.??"]
[EventType "corr"]
[EventRounds "2"]
[SourceDate "2005.03.12"]

1. e4 c6 2. d4 d5 3. Nc3 b5 4. a3 dxe4 5. Nxe4 Bf5 6. Bd3 Bxe4 7. Bxe4 Nf6 8.
Bf3 e6 9. Ne2 Bd6 10. Bf4 Bxf4 11. Nxf4 Qd6 12. Qd2 O-O 13. Ne2 Nbd7 14. O-O-O
Rfc8 15. Qf4 Qe7 16. Rhe1 b4 17. a4 b3 18. cxb3 Rab8 19. Rd3 c5 20. d5 c4 21.
Rdd1 Nc5 22. bxc4 e5 23. d6 Qe6 24. Qe3 Qxc4+ 25. Qc3 Qa2 26. d7 Nfxd7 27. Bd5
Qa1+ 28. Kd2 Rxb2+ 29. Ke3 Rxe2+ 0-1

[Event "MCR_CF283"]
[Site "?"]
[Date "2004.??.??"]
[Round "?"]
[White "Chvojka, Jaroslav"]
[Black "Bernard, Roman"]
[Result "1/2-1/2"]
[WhiteElo "2131"]
[BlackElo "2000"]
[PlyCount "168"]
[EventDate "2004.??.??"]
[EventType "corr"]
[EventRounds "2"]
[SourceDate "2005.03.12"]

1. d4 Nf6 2. c4 e6 3. Nf3 d5 4. Nc3 c6 5. e3 Nbd7 6. Bd3 Bd6 7. O-O dxc4 8.
Bxc4 O-O 9. Qc2 e5 10. Bd2 Qe7 11. Ng5 h6 12. Nge4 Bc7 13. d5 Nxe4 14. Nxe4
cxd5 15. Bxd5 Nb6 16. Bb3 Bf5 17. f3 a5 18. Rac1 Bd6 19. Qd3 Bxe4 20. Qxe4 a4
21. Bc2 g6 22. Rfd1 Rfc8 23. Be1 Rc5 24. Bb1 Rac8 25. Rxc5 Bxc5 26. b3 axb3 27.
axb3 Qe6 28. Ba2 Qf5 29. Qxf5 Bxe3+ 30. Kf1 gxf5 31. Bb1 f4 32. Be4 Kg7 33. g4
Bd4 34. Ke2 Ra8 35. Bxb7 Ra3 36. Rb1 Ra2+ 37. Kd3 Rxh2 38. Bd2 Bc5 39. b4 Bf2
40. Ra1 h5 41. gxh5 Rxh5 42. Ra2 Kf6 43. b5 Bc5 44. Ra6 Ke7 45. Ba5 Nd7 46. Bc6
Rh1 47. Ke4 Bd4 48. Bb4+ Bc5 49. Bxd7 Bxb4 50. Bc6 Bd6 51. b6 Bb8 52. Ra8 Rh8
53. b7 Kd6 54. Ra6 Rh5 55. Bd5+ Ke7 56. Kd3 f5 57. Rc6 e4+ 58. fxe4 fxe4+ 59.
Kxe4 f3 60. Re6+ Kd7 61. Rf6 Ba7 62. Bc6+ Kc7 63. Kxf3 Rh3+ 64. Kf4 Rh4+ 65.
Kg5 Rd4 66. Bf3 Rd6 67. Rf7+ Rd7 68. Rf5 Be3+ 69. Kg4 Ba7 70. Kf4 Rd8 71. Rf7+
Rd7 72. Rf8 Rd8 73. Rf5 Kb8 74. Ke5 Bc5 75. Bc6 Kc7 76. Bh1 Kb8 77. Rf7 Bd4+
78. Ke6 Bc5 79. Rh7 Bd4 80. Bc6 Bc5 81. Kf5 Bb6 82. Ke6 Bc5 83. Bg2 Bd4 84. Bc6
Bc5 1/2-1/2

[Event "MCR_CF283"]
[Site "?"]
[Date "2004.??.??"]
[Round "?"]
[White "Chvojka, Jaroslav"]
[Black "Cerveny, Libor"]
[Result "1-0"]
[WhiteElo "2131"]
[BlackElo "2094"]
[PlyCount "103"]
[EventDate "2004.??.??"]
[EventType "corr"]
[EventRounds "2"]
[SourceDate "2005.03.12"]

1. d4 d5 2. c4 dxc4 3. Nf3 Nf6 4. e3 e6 5. Bxc4 c5 6. O-O a6 7. dxc5 Qxd1 8.
Rxd1 Bxc5 9. Bd3 Nc6 10. a3 O-O 11. b4 Be7 12. Bb2 Rd8 13. Nc3 e5 14. Ng5 Bg4
15. f3 Bd7 16. Bc4 Be8 17. Nge4 Nxe4 18. Nxe4 Kf8 19. Nc3 Rac8 20. Bd5 Bd7 21.
Rac1 Bg5 22. Kf2 f5 23. Ne2 f4 24. exf4 exf4 25. Be4 h6 26. Bc3 Be6 27. Rxd8+
Nxd8 28. Bd2 Bh4+ 29. Kg1 Rxc1+ 30. Bxc1 Bf6 31. Bxf4 Bc4 32. Kf2 b5 33. Be3
Bb2 34. Bc1 Be5 35. f4 Bf6 36. g4 Ne6 37. Bb7 Nc7 38. Kf3 Bd5+ 39. Bxd5 Nxd5
40. Ke4 Nc7 41. f5 Ke7 42. h3 Kd7 43. Nd4 Na8 44. Ne6 Nc7 45. Nxc7 Kxc7 46.
Bf4+ Kd7 47. Be5 Bg5 48. Bxg7 Bc1 49. h4 Bxa3 50. g5 h5 51. Kd5 Bxb4 52. g6 1-0

[Event "MCR_CF283"]
[Site "?"]
[Date "2004.??.??"]
[Round "?"]
[White "Chvojka, Jaroslav"]
[Black "Houdek, Vladimir"]
[Result "1/2-1/2"]
[WhiteElo "2131"]
[BlackElo "2184"]
[PlyCount "88"]
[EventDate "2004.??.??"]
[EventType "corr"]
[EventRounds "2"]
[SourceDate "2005.03.12"]

1. d4 d5 2. c4 dxc4 3. Nf3 Nf6 4. e3 e6 5. Bxc4 c5 6. O-O a6 7. dxc5 Bxc5 8.
Qxd8+ Kxd8 9. a4 Ke7 10. Bd2 Nc6 11. Bc3 Bd7 12. Nbd2 Rhd8 13. Nb3 Bb4 14. a5
Rac8 15. Rfc1 h6 16. Be2 g5 17. Nfd2 e5 18. Bf3 Bxc3 19. bxc3 g4 20. Be2 Be6
21. Rcb1 Rc7 22. Rb2 Rcd7 23. Kf1 h5 24. Ke1 Rc7 25. Nc5 Bc8 26. c4 Nd7 27. Nd3
f5 28. Nb1 Nf6 29. Nc3 e4 30. Nf4 Be6 31. h4 Bf7 32. g3 Rdd7 33. Na4 Rd6 34.
Nc5 Nd8 35. Nb3 Nc6 36. Rc2 Rdd7 37. Ra4 Ke8 38. Kf1 Kd8 39. Rc1 Kc8 40. Kg1
Rd8 41. Kg2 Ne8 42. Raa1 Ng7 43. Rc3 Kb8 44. Rb1 Ka7 1/2-1/2

[Event "MCR_CF283"]
[Site "?"]
[Date "2004.??.??"]
[Round "?"]
[White "Chvojka, Jaroslav"]
[Black "Jarabinsky, Martin"]
[Result "1-0"]
[WhiteElo "2131"]
[BlackElo "2127"]
[PlyCount "85"]
[EventDate "2004.??.??"]
[EventType "corr"]
[EventRounds "2"]
[SourceDate "2005.03.12"]

1. d4 d5 2. c4 e6 3. Nf3 Nf6 4. Nc3 Be7 5. Bg5 O-O 6. e3 h6 7. Bh4 Ne4 8. Bxe7
Qxe7 9. Qb3 Nxc3 10. Qxc3 dxc4 11. Qxc4 b6 12. Rc1 c5 13. dxc5 Bb7 14. Qh4 Qxh4
15. Nxh4 Rc8 16. Bb5 a6 17. Ba4 Rxc5 18. Rxc5 bxc5 19. Ke2 Bc6 20. Bxc6 Nxc6
21. Nf3 Rb8 22. b3 Nb4 23. Ra1 Kf8 24. Nd2 f5 25. a3 Nc6 26. Rc1 Rb5 27. b4 Ke7
28. Rxc5 Rxc5 29. bxc5 e5 30. e4 f4 31. Kd3 g5 32. h4 g4 33. h5 Ke6 34. Nc4 Nd4
35. Nd6 Nb3 36. Kc4 Nd2+ 37. Kb4 Kd7 38. Nf7 Nxe4 39. Nxe5+ Ke6 40. Nxg4 Kd5
41. a4 Nxc5 42. Nxh6 Nd3+ 43. Ka5 1-0

[Event "MCR_CF283"]
[Site "?"]
[Date "2004.??.??"]
[Round "?"]
[White "Chvojka, Jaroslav"]
[Black "Mazal, Petr"]
[Result "1-0"]
[WhiteElo "2131"]
[BlackElo "2165"]
[PlyCount "75"]
[EventDate "2004.??.??"]
[EventType "corr"]
[EventRounds "2"]
[SourceDate "2005.03.12"]

1. d4 d5 2. c4 e6 3. Nf3 Nf6 4. Nc3 dxc4 5. e4 Bb4 6. Bg5 c5 7. e5 cxd4 8. Qa4+
Nc6 9. O-O-O Bd7 10. Ne4 Be7 11. exf6 gxf6 12. Bh4 Ne5 13. Qc2 Ng6 14. Rxd4
Nxh4 15. Nxh4 f5 16. Nxf5 exf5 17. Bxc4 fxe4 18. Rhd1 Rc8 19. Rxd7 Qxd7 20.
Rxd7 Kxd7 21. Kb1 Bd6 22. Qxe4 Kc7 23. Bxf7 Bxh2 24. g3 Kb8 25. a3 Bg1 26. Qe1
Bh2 27. Bd5 Rhd8 28. Bg2 Rd6 29. Qh1 Rh6 30. Bxb7 Re8 31. Qd5 Rb6 32. Qd7 Rf8
33. Bg2 Rc8 34. a4 a5 35. Qd5 Ka7 36. Qxa5+ Ra6 37. Qd5 Rb6 38. Qd7+ 1-0

[Event "MCR_CF283"]
[Site "?"]
[Date "2004.??.??"]
[Round "?"]
[White "Chvojka, Jaroslav"]
[Black "Pecina, Pavel"]
[Result "1-0"]
[WhiteElo "2131"]
[BlackElo "2204"]
[PlyCount "111"]
[EventDate "2004.??.??"]
[EventType "corr"]
[EventRounds "2"]
[SourceDate "2005.03.12"]

1. d4 d5 2. c4 e6 3. Nf3 Nf6 4. Nc3 c6 5. Bg5 dxc4 6. e4 b5 7. e5 h6 8. Bh4 g5
9. Nxg5 hxg5 10. Bxg5 Be7 11. exf6 Bxf6 12. Be3 Na6 13. Qf3 Nb4 14. O-O-O Nd5
15. Ne4 Be7 16. Bd2 a5 17. Kb1 a4 18. a3 Ba6 19. Nc5 Rh4 20. g4 b4 21. axb4 Bb5
22. g5 Bxc5 23. dxc5 Qc7 24. Bh3 c3 25. bxc3 Qe5 26. g6 Qg7 27. Rhg1 a3 28.
Rde1 O-O-O 29. Ka1 Nxb4 30. gxf7 Nc2+ 31. Kb1 Qh7 32. Bxe6+ Kb7 33. f8=Q Nxe1+
34. Ka1 Nxf3 35. Rg7+ Qxg7 36. Qxg7+ Ka8 37. Be3 a2 38. Qc7 Rd1+ 39. Kxa2 Ra4+
40. Kb2 Ne1 41. Bb3 Nd3+ 42. Kc2 Raa1 43. c4 Nb4+ 44. Kc3 Rd3+ 45. Kb2 Rb1+ 46.
Kxb1 Rxb3+ 47. Kc1 Rc3+ 48. Kb2 Rxc4 49. h4 Nd5 50. Qc8+ Ka7 51. h5 Rb4+ 52.
Kc2 Ba4+ 53. Kc1 Rc4+ 54. Kd2 Rc2+ 55. Kd3 Rb2 56. h6 1-0

[Event "MCR_CF283"]
[Site "?"]
[Date "2004.??.??"]
[Round "?"]
[White "Houdek, Vladimir"]
[Black "Bernard, Roman"]
[Result "0-1"]
[WhiteElo "2184"]
[BlackElo "2000"]
[PlyCount "122"]
[EventDate "2004.??.??"]
[EventType "corr"]
[EventRounds "2"]
[SourceDate "2005.03.12"]

1. Nf3 d5 2. d4 Nf6 3. c4 e6 4. Nc3 c6 5. e3 Nbd7 6. Qc2 Bd6 7. Be2 O-O 8. O-O
Re8 9. Bd2 Qe7 10. Rad1 e5 11. cxd5 cxd5 12. dxe5 Nxe5 13. Nxe5 Bxe5 14. Qd3
Be6 15. f4 Bc7 16. Be1 Rad8 17. Bf2 Bb6 18. Na4 Ba5 19. Bf3 Bd7 20. Nc3 Bc6 21.
Ne2 Ne4 22. Nd4 Bb6 23. Rfe1 Qf6 24. h3 Ba4 25. b3 Bd7 26. Bxe4 dxe4 27. Qe2
Qg6 28. Kh2 a6 29. Rg1 Rc8 30. Qb2 Qf6 31. Rd2 Bc5 32. Rgd1 Qg6 33. b4 Be7 34.
b5 Rc4 35. Qb1 Rb4 36. Rb2 Rxb2 37. Qxb2 Qh5 38. Rc1 axb5 39. Rc7 Qd5 40. Qb3
Bc6 41. Nxc6 bxc6 42. Qxd5 cxd5 43. Rd7 b4 44. Rxd5 Ra8 45. Rd7 Bf8 46. Rd2 f5
47. Kg1 Kf7 48. Kf1 Ke6 49. Rb2 Bc5 50. Rc2 Kd5 51. g4 Ra3 52. gxf5 Bxe3 53.
Bxe3 Rxe3 54. Rg2 Rxh3 55. Rxg7 Kd4 56. f6 Ke3 57. f7 Rf3+ 58. Kg2 Rxf4 59.
Rxh7 Kd3 60. Rh3+ Ke2 61. a3 Rxf7 0-1

[Event "MCR_CF283"]
[Site "?"]
[Date "2004.??.??"]
[Round "?"]
[White "Houdek, Vladimir"]
[Black "Cerveny, Libor"]
[Result "1-0"]
[WhiteElo "2184"]
[BlackElo "2094"]
[PlyCount "91"]
[EventDate "2004.??.??"]
[EventType "corr"]
[EventRounds "2"]
[SourceDate "2005.03.12"]

1. Nf3 e6 2. d4 d5 3. g3 Nf6 4. Bg2 c6 5. O-O Bd6 6. Nbd2 Nbd7 7. c4 O-O 8. Qc2
e5 9. cxd5 cxd5 10. dxe5 Nxe5 11. Nxe5 Bxe5 12. Nf3 Bd6 13. Rd1 Be6 14. Be3 Rc8
15. Qa4 a6 16. Rac1 Qe8 17. Qa5 Qd7 18. a3 Rxc1 19. Rxc1 Rc8 20. Rxc8+ Qxc8 21.
Qb6 Bc7 22. Qd4 b6 23. Ng5 b5 24. Nxe6 Qxe6 25. Qa7 Qc6 26. b4 h6 27. Bh3 Ne4
28. Bg4 Nc3 29. Bd4 Ne4 30. Kg2 Nd2 31. e3 Nc4 32. Bc8 Nxa3 33. Bb7 Qe8 34.
Bxd5 Qd8 35. e4 Nc2 36. Bc3 Qd6 37. Qa8+ Bd8 38. e5 Qb6 39. Qc8 Qc7 40. Qf5 Bf6
41. e6 Bxc3 42. exf7+ Kf8 43. Qh7 Ne1+ 44. Kf1 Qxf7 45. Bxf7 Kxf7 46. Qf5+ 1-0

[Event "MCR_CF283"]
[Site "?"]
[Date "2004.??.??"]
[Round "?"]
[White "Houdek, Vladimir"]
[Black "Chvojka, Jaroslav"]
[Result "1-0"]
[WhiteElo "2184"]
[BlackElo "2131"]
[PlyCount "91"]
[EventDate "2004.??.??"]
[EventType "corr"]
[EventRounds "2"]
[SourceDate "2005.03.12"]

1. Nf3 d5 2. d4 Bf5 3. c4 e6 4. Nc3 Bb4 5. e3 Nc6 6. cxd5 exd5 7. Bd3 Bxd3 8.
Qxd3 Nf6 9. O-O O-O 10. a3 Bxc3 11. bxc3 Na5 12. Rb1 Re8 13. Ne5 Nd7 14. Nf3
Nb6 15. Nd2 c6 16. e4 f6 17. Re1 Qc7 18. Qf3 Re7 19. Qg4 Rae8 20. f3 Nac4 21.
h3 Nxd2 22. Bxd2 Nc4 23. Rbd1 Nxd2 24. Rxd2 Qa5 25. Rd3 Qxa3 26. Rde3 a5 27. e5
fxe5 28. dxe5 Qc5 29. Kh2 b5 30. f4 d4 31. cxd4 Qxd4 32. Re4 Qb6 33. f5 c5 34.
f6 Rf7 35. Rd1 Qc7 36. g3 g6 37. Qf4 Qc8 38. Rd6 Qf5 39. Qe3 h5 40. Kg2 g5 41.
g4 hxg4 42. hxg4 Qg6 43. Qf3 a4 44. Re2 c4 45. Rf2 b4 46. Qd5 1-0

[Event "MCR_CF283"]
[Site "?"]
[Date "2004.??.??"]
[Round "?"]
[White "Houdek, Vladimir"]
[Black "Jarabinsky, Martin"]
[Result "1/2-1/2"]
[WhiteElo "2184"]
[BlackElo "2127"]
[PlyCount "61"]
[EventDate "2004.??.??"]
[EventType "corr"]
[EventRounds "2"]
[SourceDate "2005.03.12"]

1. Nf3 Nf6 2. d4 d5 3. c4 e6 4. Nc3 Be7 5. Bf4 O-O 6. e3 c5 7. dxc5 Bxc5 8. a3
Nc6 9. Qc2 Qa5 10. Nd2 Be7 11. Nb3 Qb6 12. cxd5 Nxd5 13. Na4 Qd8 14. Rd1 Qe8
15. Nc3 Nxc3 16. Qxc3 Bf6 17. Qc2 e5 18. Bg3 h5 19. h3 h4 20. Bh2 Ne7 21. Bd3
Be6 22. Nd2 Rc8 23. Qb1 Qa4 24. O-O g6 25. Ne4 Bg7 26. Nd6 Rc7 27. Bb5 Qc2 28.
Qa1 Qb3 29. Rd3 Qc2 30. Rdd1 Qb3 31. Rd3 1/2-1/2

[Event "MCR_CF283"]
[Site "?"]
[Date "2004.??.??"]
[Round "?"]
[White "Houdek, Vladimir"]
[Black "Mazal, Petr"]
[Result "1/2-1/2"]
[WhiteElo "2184"]
[BlackElo "2165"]
[PlyCount "99"]
[EventDate "2004.??.??"]
[EventType "corr"]
[EventRounds "2"]
[SourceDate "2005.03.12"]

1. Nf3 Nf6 2. d4 d5 3. c4 c6 4. Nc3 dxc4 5. a4 Bf5 6. e3 e6 7. Bxc4 Bb4 8. O-O
O-O 9. Qe2 Nbd7 10. e4 Bg6 11. Bd3 c5 12. e5 cxd4 13. exf6 dxc3 14. Bxg6 hxg6
15. fxg7 Kxg7 16. bxc3 Bxc3 17. Rb1 Nb6 18. Qe3 Qf6 19. a5 Nd5 20. Qh6+ Kg8 21.
Rxb7 Qh8 22. Qxh8+ Bxh8 23. Ba3 Rfc8 24. Bd6 f6 25. Re1 Bg7 26. Rxe6 Rc6 27. g3
Rd8 28. Rxg7+ Kxg7 29. Bf8+ Kxf8 30. Rxc6 Kf7 31. Kg2 Rd7 32. h4 Ne7 33. Rc5 a6
34. g4 Rd6 35. Ne1 Rd4 36. Kg3 f5 37. f3 Ke6 38. f4 Kd6 39. Re5 Ra4 40. Nf3 Ra3
41. h5 fxg4 42. Kxg4 gxh5+ 43. Rxh5 Ng8 44. Rh8 Nf6+ 45. Kg5 Ne4+ 46. Kf5 Kd5
47. Ng5 Nd6+ 48. Kg6 Rxa5 49. Nf7 Nc4 50. Rh5+ 1/2-1/2

[Event "MCR_CF283"]
[Site "?"]
[Date "2004.??.??"]
[Round "?"]
[White "Houdek, Vladimir"]
[Black "Pecina, Pavel"]
[Result "0-1"]
[WhiteElo "2184"]
[BlackElo "2204"]
[PlyCount "84"]
[EventDate "2004.??.??"]
[EventType "corr"]
[EventRounds "2"]
[SourceDate "2005.03.12"]

1. Nf3 d5 2. d4 Nc6 3. Bf4 f6 4. e3 Kf7 5. c4 e6 6. Nc3 a6 7. Nd2 Nge7 8. Qh5+
g6 9. Qf3 Kg7 10. h4 h5 11. Be2 Nb4 12. O-O c5 13. Nb3 cxd4 14. exd4 Nf5 15. g3
b6 16. a3 Nc6 17. Rad1 Bb7 18. cxd5 Nce7 19. Bd3 Nxd5 20. Be4 Nxc3 21. bxc3
Bxe4 22. Qxe4 Qd5 23. Rfe1 Kf7 24. a4 Qxe4 25. Rxe4 Rc8 26. Bd2 Bd6 27. Kg2
Rhd8 28. Rde1 e5 29. R1e2 Bb8 30. Re1 Rd5 31. Rb1 Rc4 32. a5 b5 33. Rbe1 Bd6
34. Rd1 exd4 35. cxd4 Nxd4 36. Be3 Nxb3 37. Rxd5 Rxe4 38. Rxd6 Re6 39. Rd7+ Ke8
40. Rg7 Nxa5 41. Rxg6 Nc4 42. Rh6 Nxe3+ 0-1